000 00289nam a22001217a 4500
020 _a9788183211628
082 _a664.07
_bKAL/FO
100 _aKalia, Manoranjan
245 _aFood quality management
260 _aUdaipur
_bAgrotech Publishing Academy
_c2010
300 _a400p
942 _cBK
999 _c13726
_d13726